Online katalóg knižníc regiónu Turca

Marianne (Record no. 22229)

MARC details
000 -LEADER
fixed length control field 01699cam a2200457 a 4500
001 - CONTROL NUMBER
control field 22229
003 - CONTROL NUMBER IDENTIFIER
control field VRT
005 - DATE AND TIME OF LATEST TRANSACTION
control field 20260323135532.0
008 - FIXED-LENGTH DATA ELEMENTS--GENERAL INFORMATION
fixed length control field 240702s1993 xo a gr 0000f slo
015 ## - NATIONAL BIBLIOGRAPHY NUMBER
National bibliography number SNBA1994/01
020 ## - INTERNATIONAL STANDARD BOOK NUMBER
International Standard Book Number 8096703307
035 ## - SYSTEM CONTROL NUMBER
System control number SNK000016507
039 #9 - LEVEL OF BIBLIOGRAPHIC CONTROL AND CODING DETAIL [OBSOLETE]
Level of rules in bibliographic description 202407041032
Level of effort used to assign nonsubject heading access points msnk24
Level of effort used to assign subject headings 202407021352
Level of effort used to assign classification VLOAD
Level of effort used to assign subject headings 202406181051
Level of effort used to assign classification AUTHORITY
Level of effort used to assign subject headings 202406181050
Level of effort used to assign classification AUTHORITY
040 ## - CATALOGING SOURCE
Original cataloging agency SNK
Language of cataloging slo
Transcribing agency SNK
Description conventions AACR2
041 1# - LANGUAGE CODE
Language code of text/sound track or separate title slo
Language code of original fre
044 ## - COUNTRY OF PUBLISHING/PRODUCING ENTITY CODE
MARC country code xo
ISO country code SK
072 #7 - SUBJECT CATEGORY CODE
Subject category code 821.133.1-3
Subject category code subdivision Francúzska próza, francúzsky písaná
Source konspekt
080 ## - UNIVERSAL DECIMAL CLASSIFICATION NUMBER
Universal Decimal Classification number 840-3
Edition identifier 1981
080 ## - UNIVERSAL DECIMAL CLASSIFICATION NUMBER
Universal Decimal Classification number 821.133.1-31
Edition identifier 2011
080 ## - UNIVERSAL DECIMAL CLASSIFICATION NUMBER
Universal Decimal Classification number (0:82-311.6)
Edition identifier 2011
100 1# - MAIN ENTRY--PERSONAL NAME
Personal name Benzoni, Juliette,
Dates associated with a name 1920-2016
Relationship aut
240 10 - UNIFORM TITLE
Uniform title Marianne, une étoile pour Napoléon
Language of a work Slovensky
245 10 - TITLE STATEMENT
Title Marianne
Statement of responsibility, etc. Juliette Benzoni ; preklad Eva Mládeková, Eva Melichárková ; ilustrácie Kristína Šimková
250 ## - EDITION STATEMENT
Edition statement 1. vyd.
260 ## - PUBLICATION, DISTRIBUTION, ETC.
Place of publication, distribution, etc. Bratislava
Name of publisher, distributor, etc. Logos, spol. s r.o.
Date of publication, distribution, etc. 1993
Place of manufacture Brno
Manufacturer Centa, spol. s r.o.
300 ## - PHYSICAL DESCRIPTION
Extent 236 s.
Other physical details ilustrácie
Dimensions 21 cm
500 ## - GENERAL NOTE
General note Ilustrácia na frontispice
500 ## - GENERAL NOTE
General note Preložené z francúzštiny
655 #7 - INDEX TERM--GENRE/FORM
Genre/form data or focus term francúzske romány
Source of term SNKPH
655 #7 - INDEX TERM--GENRE/FORM
Genre/form data or focus term historické romány
Source of term SNKPH
700 1# - ADDED ENTRY--PERSONAL NAME
Personal name Mládeková, Eva,
Dates associated with a name 1949-
Relationship trl
700 1# - ADDED ENTRY--PERSONAL NAME
Personal name Melichárková, Eva,
Dates associated with a name 1945-
Relationship trl
700 1# - ADDED ENTRY--PERSONAL NAME
Personal name Šimková, Kristína,
Dates associated with a name 1953-
Relationship ill
-- bjd
942 ## - ADDED ENTRY ELEMENTS (KOHA)
Source of classification or shelving scheme Dewey Decimal Classification
Koha item type Krásna literatúra pre dospelých
Suppress in OPAC No
949 ## - LOCAL PROCESSING INFORMATION (OCLC)
6 270001000037134
a svkbbA 84857
b svkbbm 581634
949 ## - LOCAL PROCESSING INFORMATION (OCLC)
6 17A0030655
9 P60, <05>, [BOOK], {605}
a snkSC 84959 D1
949 ## - LOCAL PROCESSING INFORMATION (OCLC)
6 17A0996362
a snkSC 84959
949 ## - LOCAL PROCESSING INFORMATION (OCLC)
6 273K0196355
a svkpoA 161954/I
b svkpo399064
o PV 1817/94
Holdings
Stav vyradenia Strata Poškodenie Spôsob nadobudnutia Domovská knižnica Aktuálna knižnica Dátum nadobudnutia Total checkouts Čiarový kód exemplára Date last seen Typ exemplára
      Dar Obecná knižnica Horná Štubňa Obecná knižnica Horná Štubňa 24.03.2026   4736201929 24.03.2026 Krásna literatúra pre dospelých
      Dar Obecná knižnica Turčianska Štiavnička Obecná knižnica Turčianska Štiavnička 23.03.2026   4738000686 23.03.2026 Krásna literatúra pre dospelých
Projekt je podporený Slovenskou asociáciou knižníc
Prevádzkuje Turčianska knižnica Martin 2026